Enterprise one : English for the commercial world : students' book
Αποθηκεύτηκε σε:
| Κύριος συγγραφέας: | |
|---|---|
| Άλλοι συγγραφείς: | |
| Μορφή: | Βιβλίο |
| Γλώσσα: | English |
| Δημοσίευση: |
London :
Heineman Educational Books,
c1985.
|
| Θέματα: | |
| Ετικέτες: |
Προσθήκη ετικέτας
Δεν υπάρχουν, Καταχωρήστε ετικέτα πρώτοι!
|
MARC
| LEADER | 00000cam a2200000 i 4500 | ||
|---|---|---|---|
| 001 | 1/49308 | ||
| 008 | 960402t1985 enk eng d | ||
| 020 | |a 0435289365 | ||
| 035 | |l 10026815 | ||
| 040 | |a GR-MY-UA |b gre |e aacr | ||
| 041 | 0 | |a eng | |
| 082 | 0 | |a 428.24 | |
| 100 | 1 | |a Moore, C. J. | |
| 245 | 1 | 0 | |a Enterprise one : |b English for the commercial world : students' book / |c Judy West, C.J. Moore. |
| 260 | |a London : |b Heineman Educational Books, |c c1985. | ||
| 300 | |a 96 σ. : |b εικ. ; |c 25 εκ. | ||
| 650 | 0 | 0 | |a English language |v Textbooks for foreign speakers. |
| 700 | 1 | |a West, Judy. | |
| 852 | |a INST |b CHIOS |e 19960402 |h 428.24 MOO |p 005200005079 |q 005200005079 |t BK |y 0 | ||
| 852 | |a INST |b CHIOS |e 19960402 |h 428.24 MOO |p 005200005080 |q 005200005080 |t BK |y 0 | ||
| 852 | |a INST |b CHIOS |e 20191016 |h 428.24 MOO |p 005200039262 |q 005200039262 |t BK |y 0 | ||
| 909 | |a Χ |b 015573 | ||
| 909 | |a Χ |b 015574 | ||
| 920 | |a Πουπουλέκου |b Γιούργκεν |y Χίος |z 2016-01 | ||